000
00257nam a22001217a 4500
008
170527b xxu||||| |||| 00| 0 eng d
041
_a
GER
080
_a
621.3
100
_a
27
101
_a
IM
245
_a
KIBERNETIK-FORSCHUNG
_c
ROSLER
942
_2
udc
_c
BK
999
_c
14671
_d
14671